000 00457nam a2200157 a 4500
005 20140412111325.0
008 010424s19uu xx 00 eng d
020 _a0-383-03586-4
050 _aTR(PS E
_bMy99 1994
100 _aDrew, David
245 _aMy house /
_cwritten by David Drew; illustrated by Bill Wood.
260 _aAustralia :
_bSRA-Macmillan/McGraw-Hill,
_c1994.
300 _a1v. (unp.) ; ill.
650 _aHouse, parts
999 _c104559
_d104559